| 000 | 00952cam a2200325 a 4500 | ||
|---|---|---|---|
| 650 | 0 |
_9117682 _aInternational law |
|
| 999 |
_c200426755 _d44679 |
||
| 001 | 81610 | ||
| 003 | TR-AnTOB | ||
| 005 | 20190322123600.0 | ||
| 008 | 160421s2014####tu#####||####|||||||tur|d | ||
| 009 | 00TUR0Y00HKZ 201604212014ma | ||
| 020 | _a9786051521329 | ||
| 040 |
_aANKA _btur _cTR-AnTOB _erda |
||
| 041 | 0 | _atur | |
| 050 |
_aKZ3410 _b.O95 2014 |
||
| 090 |
_aKZ3410 _b.O95 2014 |
||
| 100 | 1 |
_aÖzkan, Işıl, _eaut |
|
| 245 | 1 | 0 |
_aHukukun küreselleşmesi ve ulusötesi hukuk / _cIşıl Özkan. |
| 250 | _a1st edition. | ||
| 264 |
_aİstanbul : _bXII Levha, _c2014. |
||
| 300 |
_aXXXI, 458 pages ; _c22 cm |
||
| 336 |
_atext _2rdacontent |
||
| 337 |
_aunmediated _2rdamedia |
||
| 338 |
_avolume _2rdacarrier |
||
| 490 | 0 | _aYayın no ; 435 | |
| 504 | _aIncludes bibliographical references (419-458 p.). | ||
| 650 | 4 | _aUluslararası hukuk | |
| 942 |
_2lcc _cBK |
||